000 00801cam a2200265 4500
008 040505n2004 000 0 eng u
020 _a1860816819
035 _a(Sirsi) u126097
041 _aeng
050 _a690
_c18
100 _aBlackmore, P.
245 _aWind loads on temporary stage decks
260 _aWatford
_bBRE
_c2004
300 _a12p.
_c30cm
490 _aBRE Digest
_v483
520 _aProvides a procedure for temporary stage structures for wind loads that follows BS 6399-2: 1997 code of practice for wind loads.
650 _aWIND LOADS
650 _aSTAGES
650 _aTEMPORARY STRUCTURES
650 _aBS 6399-2: 1997
690 _aBUILT ENVIRONMENT-CONSTRUCTION DESIGN
700 _aFreathy, P.
710 _aBuilding Research Establishment
942 _n0
999 _c103564
_d103564